|
|
|
|
| LEADER |
01114Nam a22003134a 4500 |
| 001 |
32375 |
| 003 |
BD-DhAAL |
| 005 |
20250623102814.0 |
| 008 |
171207s2000 nyua b 001 0 eng |
| 010 |
|
|
|a 00100590
|
| 020 |
|
|
|a 9780500203378
|
| 040 |
|
|
|a DLC
|c DLC
|d DLC
|d BD-DhAAL
|
| 050 |
0 |
0 |
|a N8195.A4
|b M53 2000
|
| 082 |
0 |
0 |
|a 704.948945
|2 21
|
| 100 |
1 |
|
|a Michell, George.
|9 23954
|
| 245 |
1 |
0 |
|a Hindu art and architecture /
|c George Michell.
|
| 260 |
|
|
|a New York :
|b Thames & Hudson,
|c 2000 [reprinted 2014].
|
| 300 |
|
|
|a 224 pages :
|b illustrations (some col.) ;
|c 21 cm.
|
| 490 |
|
|
|a World of art
|
| 504 |
|
|
|a Includes bibliographical references (pages 213-214) and index.
|
| 526 |
|
|
|a ARC
|
| 541 |
|
|
|a Trim Education
|e 32375
|
| 650 |
|
0 |
|a Hindu art
|z India.
|9 23956
|
| 650 |
|
0 |
|a Hindu symbolism.
|9 23957
|
| 650 |
|
0 |
|a Architecture.
|9 42665
|
| 830 |
|
|
|a World of art
|9 24067
|
| 942 |
|
|
|2 ddc
|c BK
|
| 999 |
|
|
|c 38642
|d 38642
|
| 952 |
|
|
|0 0
|1 0
|2 ddc
|4 0
|6 704_948945000000000_MIC
|7 0
|9 62041
|a BRACUL
|b BRACUL
|c GEN
|d 2017-11-29
|g 2180.00
|l 4
|m 29
|o 704.948945 MIC
|p 3010032375
|r 2026-05-14
|s 2025-11-03
|t 1
|v 2180.00
|w 2017-11-29
|y BK
|